Music Quiz

Random Music or Album Quiz

Beastie Boys Albums Quiz Stats

 Plays Quiz Updated Feb 28, 2020

Support Sporcle.
Go Orange.
Score 0/8 Timer 03:00
0 Plays Today
Year Album % Correct
1989Paul's Boutique
78.3%
1994Ill Communication
70%
1986Licensed to Ill
66.2%
1998Hello Nasty
63.2%
1992Check Your Head
55.7%
2011Hot Sauce Committee Part 2
50.4%
2004To the 5 Boroughs
47.1%
2007The Mix-Up
25.6%

From the Vault

Head Shot or Groin Shot?

by MrChewypoo

You might as well call this quiz 'Sporcle's Funniest Home Videos'.
Remove Ads.
Support Sporcle.
Get the best of Sporcle when you Go Orange. This ad-free experience offers more features, more stats, and more fun while also helping to support Sporcle. Thank you for becoming a member.

Show Comments

Extras

Top Quizzes Today


Score Distribution

Your Account Isn't Verified!

In order to create a playlist on Sporcle, you need to verify the email address you used during registration. Go to your Sporcle Settings to finish the process.

Report this User

Report this user for behavior that violates our Community Guidelines.

Details: